Computer technology and the location of economic activity.
Vplyv nových technických objavov a technického rozvoja vôbec na rozloženie hospodárskych aktivít, na štruktúru organizácie priemyslu a na organizáciu práce - príklad vplyvu prudkého rozvoja počítačovej techniky. Výskum možných účinkov integrovaných a interaktívnych počítačovokomunikačných systémov n...
Na minha lista:
| Autor principal: | |
|---|---|
| Formato: | Capítulo de Livro |
| Idioma: | inglês |
| Assuntos: | |
| Tags: |
Sem tags, seja o primeiro a adicionar uma tag!
|
MARC
| LEADER | 00000naa a2200000 4500 | ||
|---|---|---|---|
| 001 | r011866 | ||
| 005 | 20221213084914.9 | ||
| 041 | 0 | |a eng | |
| 044 | |a GB | ||
| 245 | 1 | 0 | |a Computer technology and the location of economic activity. |c S.G. Peitchinis |
| 520 | |a Vplyv nových technických objavov a technického rozvoja vôbec na rozloženie hospodárskych aktivít, na štruktúru organizácie priemyslu a na organizáciu práce - príklad vplyvu prudkého rozvoja počítačovej techniky. Výskum možných účinkov integrovaných a interaktívnych počítačovokomunikačných systémov na rozloženie priemyselných procesov a organizáciu práce. | ||
| 610 | 2 | 0 | |a technika výpočtová |
| 610 | 2 | 0 | |a rozvoj technický |
| 610 | 2 | 0 | |a štruktúra organizačná |
| 610 | 2 | 0 | |a priemysel |
| 610 | 2 | 0 | |a organizácia práce |
| 610 | 2 | 0 | |a systémy počítačové telekomunikačné |
| 610 | 2 | 0 | |a spracovanie dát |
| 610 | 2 | 0 | |a lokalizácia |
| 100 | 1 | |a Peitchinis, S.G. | |